| 000 | 01040nam a22002057a 4500 | ||
|---|---|---|---|
| 999 |
_c58593 _d58593 |
||
| 003 | Ge_BSU | ||
| 005 | 20220608133753.0 | ||
| 008 | 220608s2010 ge ||||| |||| 00| 0 geo d | ||
| 020 | _a9789941027086 | ||
| 041 | _ageo | ||
| 080 | _a1(430)(092ჰუსერლი, ე.) +165.62 ჰ-97 | ||
| 100 |
_aჰუსერლი, ედმუნდ _93562 |
||
| 245 |
_aპარიზული მოხსენებები = Pariser Vortrage / _cედმუნდ ჰუსერლი ; [გერმ. თარგმნა, წინასიტყვ. და ტერმინთა განმარტებები დაურთო ნოდარ ნათაძემ]. |
||
| 250 | _aმეორე შესწორებული გამოცემა | ||
| 264 |
_aთბილისი : _bCarpe diem, _c2010. |
||
| 300 |
_a98 გვ. ; _b17 სმ. |
||
| 653 | _aფენომენოლოგია. | ||
| 700 |
_aნათაძე, ნოდარ _eმთარგმნელი _93710 |
||
| 942 |
_2udc _cBK |
||